000 00692nam a2200193Ia 4500
008 151121s9999||||xx |||||||||||||| ||und||
082 _a817/बुवा
082 _bHNW-59771
100 _aबुवा वि। अ।
245 _aतुमची अंडी आमचं ऑम्लेट
260 _b"मधुराज पब्लिकेशन्स, पुणे।"
260 _c--
300 _a169
600 _aबुवा वि। अ।
630 _aतुमची अंडी आमचं ऑम्लेट
700 _aबुवा वि। अ।
730 _aतुमची अंडी आमचं ऑम्लेट
942 _cBOOK
999 _c1241389
_d1241386